Beste Bundesliga Torschützen Bayer 04 Leverkusen - Statistiken

Allgemein
  • Dieses Quiz wurde 863 mal gespielt
    292 seit der letzten Aktualisierung
  • Das Durchschnittsergebnis liegt bei 25 aus 46
Antwortstatistiken
Saison Nationalität Tore Spieler % Korrekt
2021/22 Tschechien 24 Patrik Schick
96%
2024/25 Tschechien 21 Patrik Schick
96%
2009/10 Deutschland 21 Stefan Kießling
95%
2011/12 Deutschland 16 Stefan Kießling
95%
2012/13 Deutschland 25 Stefan Kießling
95%
2013/14 Deutschland 15 Stefan Kießling
95%
2023/24 Nigeria 14 Victor Boniface
87%
2015/16 Mexiko 17 Javier Hernández
86%
2016/17 Mexiko 11 Javier Hernández
86%
2003/04 Bulgarien 16 Dimitar Berbatow
78%
2004/05 Bulgarien 20 Dimitar Berbatow
78%
2005/06 Bulgarien 21 Dimitar Berbatow
78%
1990/91 Deutschland 11 Ulf Kirsten
77%
1991/92 Deutschland 12 Ulf Kirsten
77%
1992/93 Deutschland 20 Ulf Kirsten
77%
1996/97 Deutschland 22 Ulf Kirsten
77%
1997/98 Deutschland 22 Ulf Kirsten
77%
1998/99 Deutschland 19 Ulf Kirsten
77%
1999/2000 Deutschland 17 Ulf Kirsten
77%
2010/11 Chile 10 Arturo Vidal
73%
2007/08 Griechenland 11 Theofanis Gekas
71%
2018/19 Deutschland 17 Kai Havertz
65%
2019/20 Deutschland 12 Kai Havertz
65%
2001/02 Deutschland 17 Michael Ballack
65%
2022/23 Frankreich 9 Moussa Diaby
59%
1985/86 Südkorea 17 Bum-kun Cha
54%
2020/21 Argentinien 11 Lucas Alario
54%
2006/07 Ukraine 10 Andrij Woronin
50%
2017/18 Deutschland 14 Kevin Volland
48%
2008/09 Deutschland 21 Patrick Helmes
44%
1994/95 Deutschland 16 Rudi Völler
44%
1995/96 Deutschland 10 Rudi Völler
44%
1993/94 Brasilien 17 Paulo Sérgio
32%
2000/01 Deutschland 15 Oliver Neuville
31%
2014/15 Deutschland 12 Karim Bellarabi
30%
1983/84 Deutschland 15 Herbert Waas
13%
1984/85 Deutschland 11 Herbert Waas
13%
1986/87 Deutschland 15 Herbert Waas
13%
1989/90 Polen 8 Marek Leśniak
11%
1987/88 Deutschland 11 Christian Schreier
10%
1988/89 Deutschland 8 Christian Schreier
10%
1980/81 Norwegen 16 Arne Larsen Økland
8%
1981/82 Norwegen 14 Arne Larsen Økland
8%
1982/83 Norwegen 13 Arne Larsen Økland
8%
2002/03 Deutschland 7 Daniel Bierofka
5%
1979/80 Deutschland 9 Peter Szech
2%
Keine übereinstimmenden Quizze gefunden
Verteilung der Resultate
Anzahl Personen mit jedem Resultat
Perzentil nach korrekt beantworteten Fragen
Ihre Resultats-Entwicklung
Sie haben dieses Quiz seit der letzten Aktualisierung nicht gespielt